000 00335pab a2200133 454500
008 180718b xxu||||| |||| 00| 0 eng d
100 _aMitra Asok
245 _aDemand and supply side of health care
362 _aAnnaul 26 Nov 1994, p.51-53
650 _a Health Care
650 _aMedical Care
773 _aMainstream
909 _a27943
999 _c27943
_d27943